O zeměpise ve středověku /

Hlavní autor: Macháček, Jan, 1850-1927
Jazyk: Čeština
Vydáno: Plzeň : A. Batěk, 1910
Edice: Illustrované přednášky (A. Batěk)
Fyzický popis: s. 123-148 ; 8°
Knihy
Uloženo v:
LEADER 00778nam a22002412a 4500
001 001144356
003 CZ BrMZK
005 20110413133628.0
007 ta
008 110413s1910 xr a er|||||||||||cze d
015 |a cnb000639184 
040 |a ABA001  |b cze  |c BOA001  |d ABA001 
100 1 |a Macháček, Jan,  |d 1850-1927  |7 jk01072941  |4 aut 
245 1 0 |a O zeměpise ve středověku /  |c Jan Macháček 
260 |a Plzeň :  |b A. Batěk,  |c 1910 
300 |a s. 123-148 ;  |c 8° 
490 1 |a Illustrované přednášky ;  |v č. 186-188 
830 0 |a Illustrované přednášky (A. Batěk)  |0 s 
910 |a BOA001  |b OB1-0113.599,186-188 
990 |a BK 
993 |a Y 
991 |b 201104 
996 6 |b 2619360768  |c OB1-0113.599,186-188  |l MZK  |r Sklad / do 24 hodin  |n 1  |w 001176794  |u 000010  |a 1  |e BOA001  |j MZK50  |s P